Das Deutsche Alpenkorps im Ersten Weltkrieg : von den Dolomiten nach Verdun, von den Karpaten zum Isonzo /

Bibliographic Details
Main Author: Kaltenegger, Roland
Format: Book
Language:German
Published: Graz : L. Stocker, [1995]
Subjects:

MARC

Tag First Indicator Second Indicator Subfields
LEADER 00000cam a2200000 a 4500
001 in00001352421
005 20151006061639.0
008 950705s1995 au ab b 000 0 ger
010 |a  95173825  
020 |a 3702007121 
035 |a (OCoLC)34414167 
035 |9 AHG4746AM 
040 |a DLC  |c DLC  |d TXA  |d UtOrBLW 
043 |a e-gx--- 
049 |a TXAM 
050 0 0 |a D538.A4  |b K35 1995 
082 0 0 |a 940.4/1343  |2 20 
100 1 |a Kaltenegger, Roland. 
245 1 4 |a Das Deutsche Alpenkorps im Ersten Weltkrieg :  |b von den Dolomiten nach Verdun, von den Karpaten zum Isonzo /  |c Roland Kaltenegger. 
246 3 0 |a Deutsche Alpenkorps 
264 1 |a Graz :  |b L. Stocker,  |c [1995] 
264 4 |c ©1995 
300 |a 320 pages :  |b illustrations, maps ;  |c 24 cm. 
336 |a text  |b txt  |2 rdacontent 
337 |a unmediated  |b n  |2 rdamedia 
338 |a volume  |b nc  |2 rdacarrier 
504 |a Includes bibliographical references (pages 315-320). 
610 1 0 |a Germany.  |b Heer.  |b Alpenkorps (1915-1918)  |x History. 
650 0 |a World War, 1914-1918  |x Regimental histories  |z Germany. 
999 |a MARS 
999 f f |s 2341a3e6-07c2-3dfb-ae16-2cf9a520ec3e  |i 01be9318-f0d0-375d-8da1-b33ded3df2b6  |t 0 
952 f f |p noncirc  |a Texas A&M University  |b College Station  |c Cushing Memorial Library & Archives  |d Cushing: Ragan Military (Does not check out)  |t 0  |e D538.A4 K35 1995  |h Library of Congress classification  |i unmediated -- volume  |m A14852127209 
998 f f |a D538.A4 K35 1995  |t 0  |l Cushing: Ragan Military (Does not check out)